[Event "I Festival"]
[Site "Locri ITA"]
[Date "2007.11.04"]
[Round "6"]
[White "Alvaro, Francesco"]
[Black "Zampaglione, Davide"]
[Result "1/2-1/2"]
[WhiteElo "1449"]
[BlackElo "1491"]
[PlyCount "155"]
[EventDate "2007.11.01"]

1. e4 e5 2. Nf3 Nf6 3. Bc4 Bc5 4. O-O O-O 5. c3 d6 6. d4 exd4 7. cxd4 Bb6 8.
Re1 Bg4 9. e5 dxe5 10. dxe5 Qxd1 11. Rxd1 Bxf3 12. gxf3 Nh5 13. Nc3 Nc6 14. f4
g6 15. Be2 Ng7 16. Nd5 Rad8 17. b3 Bd4 18. Nf6+ Kh8 19. Rb1 Bb6 20. Ba3 Rxd1+
21. Rxd1 Rd8 22. Rxd8+ Nxd8 23. Bf3 c6 24. Bg4 Nge6 25. f5 Nd4 26. fxg6 hxg6
27. h4 N4e6 28. Kg2 Bc5 29. Bc1 Kg7 30. Kg3 Bd4 31. f4 b5 32. h5 gxh5 33. Nxh5+
Kf8 34. Ba3+ Bc5 35. Bc1 Bd4 36. Bd2 Nc5 37. Bb4 Kg8 38. Nf6+ Kg7 39. Ne8+ Kg6
40. Bxc5 Bxc5 41. f5+ Kg5 42. e6 fxe6 43. fxe6 a5 44. Nc7 Bd6+ 45. Kf3 Kf6 46.
Ne8+ Ke7 47. Ng7 c5 48. Ke4 Kf6 49. Ne8+ Ke7 50. Ng7 Nc6 51. Kd5 Nb4+ 52. Ke4
Nxa2 53. Kf5 Nc1 54. Bd1 Nd3 55. Be2 Nc1 56. Bd1 Nxb3 57. Bxb3 a4 58. Bd1 a3
59. Bb3 c4 60. Ba2 c3 61. Ke4 c2 62. Kd5 c1=Q 63. Nf5+ Kd8 64. Nxd6 Qg5+ 65.
Kc6 Qg2+ 66. Bd5 Qxd5+ 67. Kxd5 a2 68. Nxb5 a1=Q 69. Nd4 Qa5+ 70. Kd6 Qb6+ 71.
Nc6+ Ke8 72. e7 Qb1 73. Kc7 Qe1 74. Kd6 Qg3+ 75. Kd5 Qg5+ 76. Kd6 Qd2+ 77. Kc7
Qd7+ 78. Kb6 1/2-1/2

[Event "I Festival"]
[Site "Locri ITA"]
[Date "2007.11.04"]
[Round "6"]
[White "Battaglia, Domenica"]
[Black "Zampaglione, Francesco"]
[Result "0-1"]
[WhiteElo "1371"]
[BlackElo "1419"]
[PlyCount "76"]
[EventDate "2007.11.01"]

1. e4 e5 2. Nf3 Nf6 3. Nc3 c6 4. Bc4 d5 5. exd5 cxd5 6. Bb5+ Bd7 7. Nxe5 Qe7 8.
d4 Bxb5 9. a3 Bd7 10. Bg5 Nc6 11. Qe2 Nxd4 12. Qd2 Qxe5+ 13. Be3 Nf5 14. O-O-O
Nxe3 15. Rhe1 d4 16. Na2 Qd5 17. Nb4 Bxb4 18. Qxb4 Be6 19. fxe3 Rc8 20. Rxd4
Qc5 21. Qd2 O-O 22. Re2 Nd5 23. Qd3 b5 24. b4 Qc3 25. Qxc3 Rxc3 26. Kb2 Rxe3
27. Red2 Rc8 28. Rxd5 Bxd5 29. Rxd5 Re2 30. Rxb5 Rexc2+ 31. Kb3 Rxg2 32. h4 Rh2
33. h5 f6 34. Ra5 Rh3+ 35. Ka4 Rcc3 36. Kb5 Rxh5+ 37. Ka6 Rxa5+ 38. bxa5 Rxa3
0-1

[Event "I Festival"]
[Site "Locri ITA"]
[Date "2007.11.04"]
[Round "6"]
[White "Bentivegna, Francesco"]
[Black "Piankov, Evgenij"]
[Result "1-0"]
[WhiteElo "2330"]
[BlackElo "2346"]
[PlyCount "63"]
[EventDate "2007.11.01"]

1. e4 c6 2. d4 d5 3. e5 g6 4. c4 Bg7 5. Nc3 Nh6 6. cxd5 cxd5 7. h4 Nc6 8. h5
Be6 9. Be3 Nf5 10. Nf3 Nxe3 11. fxe3 Bh6 12. hxg6 hxg6 13. Ng5 Qb6 14. Nxe6
fxe6 15. Bb5 O-O-O 16. Qe2 Bg5 17. Rxh8 Rxh8 18. O-O-O Nxd4 19. Qg4 Bxe3+ 20.
Kb1 Nxb5 21. Nxd5 Qc5 22. a4 Nc7 23. b4 Nxd5 24. Qxe6+ Kb8 25. bxc5 Nc3+ 26.
Kc2 Nxd1 27. Kxd1 Bxc5 28. Qxg6 Kc7 29. g4 Rd8+ 30. Ke2 Rd4 31. g5 Rxa4 32. Qc2
1-0

[Event "I Festival"]
[Site "Locri ITA"]
[Date "2007.11.04"]
[Round "6"]
[White "Carabetta, Alfredo"]
[Black "Zavaglia, Giuseppe"]
[Result "0-1"]
[WhiteElo "1503"]
[BlackElo "1904"]
[PlyCount "88"]
[EventDate "2007.11.01"]

1. d4 Nf6 2. c4 e6 3. Nc3 Bb4 4. Bd2 b6 5. Qc2 Bb7 6. e4 Bxc3 7. Bxc3 Bxe4 8.
Qe2 O-O 9. d5 exd5 10. O-O-O c6 11. g3 Bg6 12. Bxf6 Qxf6 13. cxd5 cxd5 14. Rxd5
Rc8+ 15. Kd1 Nc6 16. Qd2 h6 17. Bd3 Bxd3 18. Rxd3 d5 19. Ne2 Na5 20. Rc3 Rxc3
21. Qxc3 d4 22. Qd3 Rd8 23. Re1 Nc6 24. Nc1 Qg5 25. Qd2 Qd5 26. Nb3 a5 27. Re4
Qc4 28. Qe2 Qxe2+ 29. Kxe2 f6 30. f4 Kf7 31. a3 f5 32. Re5 Nxe5 33. fxe5 Ke6
34. Nd2 Kxe5 35. Nc4+ Ke4 36. Nxb6 d3+ 37. Kd2 Kd4 38. Na4 Kc4 39. Nc3 Rb8 40.
Nd1 f4 41. b4 axb4 42. Nb2+ Kb3 43. Nxd3 bxa3 44. Nc1+ Kc4 0-1

[Event "I Festival"]
[Site "Locri ITA"]
[Date "2007.11.04"]
[Round "6"]
[White "Familari, Giuseppe"]
[Black "Blasco, Domenico"]
[Result "0-1"]
[WhiteElo "1801"]
[BlackElo "1969"]
[PlyCount "70"]
[EventDate "2007.11.01"]

1. e4 e5 2. Nf3 d6 3. d4 Nd7 4. Bc4 Be7 5. O-O Ngf6 6. dxe5 dxe5 7. Qe2 O-O 8.
Rd1 Qe8 9. Nbd2 Bc5 10. h3 Nb6 11. Nb3 Bd6 12. Bd3 h6 13. Be3 Qe7 14. c4 Na4
15. Rac1 Nd7 16. Qc2 Nac5 17. Na5 f5 18. b4 Nxd3 19. Qxd3 Bxb4 20. Qd5+ Qf7 21.
exf5 Qxd5 22. Rxd5 c6 23. Rxd7 Bxd7 24. Nxe5 Bc8 25. Nb3 Bxf5 26. Nd4 Bd6 27.
Nef3 Be4 28. Nd2 Bg6 29. N2f3 Rae8 30. Nb3 Bf4 31. Bxf4 Rxf4 32. Na5 Re7 33. c5
Bd3 34. Rd1 Ba6 35. Nb3 Ra4 0-1

[Event "I Festival"]
[Site "Locri ITA"]
[Date "2007.11.04"]
[Round "6"]
[White "Krivodedov, Victor"]
[Black "Martorelli, Antonio"]
[Result "0-1"]
[WhiteElo "2143"]
[BlackElo "2233"]
[PlyCount "70"]
[EventDate "2007.11.01"]

1. e4 c5 2. Nf3 e6 3. d4 cxd4 4. Nxd4 a6 5. Nc3 Qc7 6. Be3 Bb4 7. Nde2 Nf6 8.
a3 Be7 9. f3 b5 10. g4 d6 11. g5 Nfd7 12. h4 Nc6 13. Nd4 Nce5 14. Qd2 Nc4 15.
Bxc4 Qxc4 16. h5 Ne5 17. Kf2 Bb7 18. b3 Qc7 19. Rag1 O-O-O 20. g6 hxg6 21. f4
Nc6 22. hxg6 Rxh1 23. Rxh1 Nxd4 24. Bxd4 fxg6 25. Bxg7 d5 26. Be5 dxe4 27. Rh8
Rxh8 28. Bxh8 Bc5+ 29. Ke1 Qh7 30. Bf6 Qh1+ 31. Ke2 Bb6 32. Qd6 Qf3+ 33. Ke1
Bf2+ 34. Kd2 Be3+ 35. Ke1 Qf2+ 0-1

[Event "I Festival"]
[Site "Locri ITA"]
[Date "2007.11.04"]
[Round "6"]
[White "Laketic, Gojko"]
[Black "Gangemi, Salvatore"]
[Result "1-0"]
[WhiteElo "2433"]
[BlackElo "2066"]
[PlyCount "47"]
[EventDate "2007.11.01"]

1. e4 d5 2. exd5 Qxd5 3. Nc3 Qa5 4. d4 c6 5. Bc4 Nf6 6. Bd2 Qd8 7. Nf3 Bg4 8.
Bxf7+ Kxf7 9. Ne5+ Kg8 10. Nxg4 Qxd4 11. Ne3 Ne4 12. Nxe4 Qxe4 13. O-O Qe6 14.
Re1 h5 15. Qf3 Qf7 16. Qh3 Na6 17. Bc3 Rh6 18. Nf5 Rg6 19. Rad1 e6 20. Nh4 Bc5
21. Kh1 Bxf2 22. Rf1 Rg4 23. Nf3 Bc5 24. Ne5 1-0

[Event "I Festival"]
[Site "Locri ITA"]
[Date "2007.11.04"]
[Round "6"]
[White "Napoli, Nicolo'"]
[Black "Dragojlovic, Andjelko"]
[Result "0-1"]
[WhiteElo "2278"]
[BlackElo "2409"]
[PlyCount "84"]
[EventDate "2007.11.01"]

1. e4 c5 2. c3 g6 3. d4 cxd4 4. cxd4 d5 5. exd5 Nf6 6. Bb5+ Bd7 7. Bc4 b5 8.
Bb3 Bg7 9. d6 O-O 10. Ne2 exd6 11. O-O Nc6 12. Bf4 Bg4 13. f3 Bc8 14. Nbc3 a6
15. a4 b4 16. Nd5 Nh5 17. Be3 Bb7 18. Qd2 Na5 19. Qxb4 Nxb3 20. Qxb3 Rb8 21.
Nef4 Nxf4 22. Nxf4 Bxf3 23. Qc4 Bb7 24. Rf2 Qe7 25. Re1 Rfc8 26. Qd3 Qe4 27.
Qd2 Bc6 28. Nh3 Bxa4 29. Rxf7 Qd5 30. Rxg7+ Kxg7 31. Nf4 Qf5 32. d5 Bb5 33.
Bd4+ Kf7 34. Bc3 Rc4 35. Ne6 Kg8 36. Qh6 Rb7 37. Nd8 Re4 38. Rc1 Re2 39. Qh4
Qxd5 40. Qg4 Rbe7 41. h3 Bd7 42. Qg3 R7e3 0-1

[Event "I Festival"]
[Site "Locri ITA"]
[Date "2007.11.04"]
[Round "6"]
[White "Piccoli, Vincenzo"]
[Black "Forlano, Luigi"]
[Result "0-1"]
[WhiteElo "1823"]
[BlackElo "1994"]
[PlyCount "56"]
[EventDate "2007.11.01"]

1. e4 c6 2. d4 d5 3. Nc3 dxe4 4. Nxe4 Bf5 5. Ng3 Bg6 6. Nf3 Nd7 7. Bc4 e6 8.
O-O Ngf6 9. Qe2 Be7 10. Re1 Nd5 11. Bb3 O-O 12. c4 Nb4 13. a3 Nd3 14. Rd1 Nxc1
15. Raxc1 Re8 16. Ne5 Nxe5 17. dxe5 Qb6 18. Bc2 Qxb2 19. Bxg6 Qxe2 20. Bxf7+
Kxf7 21. Nxe2 Bxa3 22. Rc2 Red8 23. Rcd2 Ke7 24. Nf4 Rxd2 25. Rxd2 Bc1 26. Rd4
c5 27. Re4 Bxf4 28. Rxf4 Rd8 0-1

[Event "I Festival"]
[Site "Locri ITA"]
[Date "2007.11.04"]
[Round "6"]
[White "Romeo, Caterina"]
[Black "Mercuri, Delia"]
[Result "1-0"]
[WhiteElo "1503"]
[BlackElo "1463"]
[PlyCount "96"]
[EventDate "2007.11.01"]

1. c4 Nf6 2. d3 e6 3. Nc3 Be7 4. g3 c6 5. e4 d5 6. e5 Nfd7 7. d4 c5 8. Be3 cxd4
9. Bxd4 Nc6 10. cxd5 Nxd4 11. Qxd4 Bc5 12. Qe4 Qg5 13. f4 Qd8 14. dxe6 fxe6 15.
O-O-O O-O 16. Nf3 g6 17. Bc4 Qe7 18. Nb5 Nb6 19. Bb3 Bd7 20. Qxb7 Bxb5 21. Qxe7
Bxe7 22. Nd4 Rac8+ 23. Kb1 Bc4 24. Nxe6 Rfe8 25. Bxc4 Nxc4 26. Rd7 Kf7 27. Ng5+
Kg8 28. Rxa7 Nd2+ 29. Ka1 Bxg5 30. fxg5 Rxe5 31. a3 Rxg5 32. Re1 Rh5 33. h4 Rf8
34. Ree7 Nf1 35. a4 Nxg3 36. b4 Rxh4 37. b5 Nf5 38. Re2 Nd4 39. Rb2 Rhf4 40. b6
Nc6 41. Ra6 Rb8 42. b7 Rb4 43. Rxb4 Nxb4 44. Ra8 Nc6 45. a5 Kf7 46. a6 Ke7 47.
Rxb8 Kd7 48. Rc8 g5 1-0

[Event "I Festival"]
[Site "Locri ITA"]
[Date "2007.11.04"]
[Round "6"]
[White "Valotta, Massimiliano"]
[Black "Arcidiaco, Francesco"]
[Result "1-0"]
[WhiteElo "1908"]
[BlackElo "1542"]
[PlyCount "57"]
[EventDate "2007.11.01"]

1. d4 Nf6 2. c4 g6 3. Nc3 Bg7 4. e4 d6 5. f4 O-O 6. Nf3 Bg4 7. Be2 c6 8. O-O
Re8 9. e5 Bxf3 10. Bxf3 dxe5 11. fxe5 Nfd7 12. Qe2 e6 13. Ne4 Bf8 14. Bg5 Be7
15. Bxe7 Rxe7 16. Nd6 Nf8 17. c5 Qc7 18. Be4 Na6 19. a3 Rd8 20. Rf3 Nd7 21. Bd3
Nab8 22. Raf1 Rf8 23. Qf2 Nxe5 24. dxe5 b6 25. b4 b5 26. h4 Qd7 27. h5 f5 28.
exf6 Ref7 29. hxg6 1-0

[Event "I Festival"]
[Site "Locri ITA"]
[Date "2007.11.04"]
[Round "7"]
[White "Blasco, Domenico"]
[Black "Alvaro, Francesco"]
[Result "0-1"]
[WhiteElo "1969"]
[BlackElo "1449"]
[PlyCount "76"]
[EventDate "2007.11.01"]

1. d4 d5 2. Nf3 Nf6 3. e3 Bg4 4. h3 Bh5 5. g4 Bg6 6. Ne5 e6 7. h4 h5 8. Nxg6
fxg6 9. Bd3 Nxg4 10. Bxg6+ Kd7 11. Bxh5 Rxh5 12. Qxg4 Rf5 13. c4 Kc8 14. Nc3
dxc4 15. Bd2 Qf6 16. f4 Nc6 17. Ne4 Qd8 18. O-O-O b6 19. Ng3 Rb5 20. Qxe6+ Kb7
21. Qxc4 a6 22. Bc3 Bb4 23. Bxb4 Rxb4 24. Qe6 Qf8 25. d5 Qc5+ 26. Kb1 Na5 27.
Rc1 Qb5 28. Rc2 Re8 29. Qf7 Nc4 30. Qxg7 Na3+ 31. Kc1 Nxc2 32. Kxc2 Qc4+ 33.
Qc3 Rxe3 34. Qxc4 Rxc4+ 35. Kd2 Rxg3 36. h5 Rd4+ 37. Ke2 Rxd5 38. h6 Rd8 0-1

[Event "I Festival"]
[Site "Locri ITA"]
[Date "2007.11.04"]
[Round "7"]
[White "Carabetta, Alfredo"]
[Black "Romeo, Caterina"]
[Result "1/2-1/2"]
[WhiteElo "1503"]
[BlackElo "1503"]
[PlyCount "148"]
[EventDate "2007.11.01"]

1. d4 d5 2. c4 e6 3. Nf3 h6 4. a3 Nf6 5. Nc3 Be7 6. Qc2 Nbd7 7. e4 dxe4 8. Nxe4
O-O 9. Bd2 Nxe4 10. Qxe4 Nf6 11. Qh4 Nh7 12. Qg3 Ng5 13. Nxg5 Bxg5 14. Bxg5
hxg5 15. O-O-O c6 16. h4 gxh4 17. Rxh4 f5 18. Be2 Kf7 19. Bh5+ Ke7 20. Qg5+ Kd6
21. Qxg7 Qxh4 22. Qxf8+ Kc7 23. Qf7+ Bd7 24. Bf3 Qg5+ 25. Rd2 Re8 26. Qh5 Qxh5
27. Bxh5 Rh8 28. g4 Be8 29. Bxe8 Rxe8 30. gxf5 exf5 31. d5 Kd6 32. dxc6+ Kxc6
33. Rd5 f4 34. Kd2 f3 35. Kc2 Re2+ 36. Rd2 Re4 37. Kd3 Re5 38. b4 Re1 39. Kc2
b6 40. a4 a5 41. bxa5 bxa5 42. Kc3 Rc1+ 43. Rc2 Rd1 44. Rb2 Ra1 45. Kb3 Kc5 46.
Rc2 Rb1+ 47. Ka3 Ra1+ 48. Kb2 Rxa4 49. Rc3 Rb4+ 50. Ka3 Rxc4 51. Rxf3 Re4 52.
Rf5+ Kb6 53. f4 a4 54. Rf7 Kb5 55. f5 Re3+ 56. Ka2 Kb4 57. Rb7+ Kc5 58. Ra7 Kb4
59. f6 Re2+ 60. Kb1 Rf2 61. f7 a3 62. Rb7+ Kc4 63. Ka1 Kc3 64. Kb1 Kc4 65. Rd7
Kc3 66. Re7 Kb3 67. Re3+ Kb4 68. Re7 Kb3 69. Rb7+ Kc3 70. Rc7+ Kb3 71. Rb7+ Kc3
72. Ka1 Kc4 73. Re7 Kb3 74. Re3+ Kb4 1/2-1/2

[Event "I Festival"]
[Site "Locri ITA"]
[Date "2007.11.04"]
[Round "7"]
[White "Cordi', Domenico"]
[Black "Forlano, Luigi"]
[Result "0-1"]
[WhiteElo "2055"]
[BlackElo "1994"]
[PlyCount "80"]
[EventDate "2007.11.01"]

1. d4 c5 2. d5 g6 3. c4 Bg7 4. e4 d6 5. Be2 b5 6. cxb5 a6 7. a4 axb5 8. Bxb5+
Bd7 9. Nc3 Nf6 10. f3 O-O 11. Nge2 Bxb5 12. Nxb5 Ne8 13. O-O Na6 14. Kh1 Nec7
15. Na3 Qb8 16. Nc3 Qb4 17. Nc2 Qb7 18. Ne3 Rfb8 19. Qe2 Nb4 20. Bd2 Qa6 21.
Qxa6 Rxa6 22. Rfb1 Bd4 23. Ncd1 Nd3 24. Nc4 e6 25. Ba5 Rb7 26. dxe6 fxe6 27.
Bc3 d5 28. Nd2 Bg7 29. Bxg7 Kxg7 30. b3 Rba7 31. Nc3 Kf6 32. Kg1 Ke7 33. Kf1
Kd6 34. g3 Ne5 35. Ke2 Nc6 36. Rc1 Nd4+ 37. Kd3 Rb6 38. Ra3 Na6 39. a5 Nb4+ 40.
Ke3 Rba6 0-1

[Event "I Festival"]
[Site "Locri ITA"]
[Date "2007.11.04"]
[Round "7"]
[White "Djuric, Stefan"]
[Black "Martorelli, Antonio"]
[Result "1-0"]
[WhiteElo "2463"]
[BlackElo "2233"]
[PlyCount "145"]
[EventDate "2007.11.01"]

1. d4 Nf6 2. c4 g6 3. Nc3 Bg7 4. e4 d6 5. Be2 O-O 6. Bg5 Na6 7. Nf3 e5 8. d5
Kh8 9. Nd2 Qe8 10. h4 h6 11. Be3 Nh7 12. h5 f5 13. Nb3 f4 14. Bd2 g5 15. Bg4
Nf6 16. Bxc8 Qxc8 17. Qe2 c6 18. O-O-O cxd5 19. cxd5 Nc5 20. Nxc5 Qxc5 21. Kb1
Rfc8 22. Rc1 Qc4 23. f3 a6 24. b3 Qxe2 25. Nxe2 Bf8 26. g4 Kg7 27. Rxc8 Rxc8
28. Rc1 Rxc1+ 29. Nxc1 Kf7 30. Nd3 Be7 31. Nb2 Ke8 32. Nc4 Kd7 33. Ba5 Ne8 34.
Nb6+ Kc7 35. Kc2 Nf6 36. Kd3 Nd7 37. Nc4+ b6 38. Bb4 Bf8 39. a4 Be7 40. Ba3 Bf8
41. Bb4 Be7 42. Kc2 Bf8 43. Be1 Be7 44. Bf2 Kb7 45. b4 Kc7 46. Kb3 Bf8 47. Na3
Kb7 48. Kb2 Be7 49. b5 a5 50. Kb3 Kc7 51. Nc4 Bf8 52. Nb2 Be7 53. Kc4 Bd8 54.
Nd3 Be7 55. Nc1 Bd8 56. Nb3 Kb7 57. Be1 Nf6 58. Bf2 Nd7 59. Kc3 Bc7 60. Nd2 Bd8
61. Nc4 Bc7 62. Kb3 Nf6 63. Bxb6 Bxb6 64. Nxd6+ Kc7 65. Nf5 Kd7 66. Nxh6 Nxe4
67. fxe4 f3 68. Nf5 f2 69. Ng3 Ke7 70. Kc4 Bd4 71. Kd3 Bc5 72. Ke2 Kf7 73. Nf5
1-0

[Event "I Festival"]
[Site "Locri ITA"]
[Date "2007.11.04"]
[Round "7"]
[White "Dragojlovic, Andjelko"]
[Black "Ljubisavljevic, Zivojin Z."]
[Result "1-0"]
[WhiteElo "2409"]
[BlackElo "2319"]
[PlyCount "100"]
[EventDate "2007.11.01"]

1. e4 e6 2. d3 d5 3. Nd2 c5 4. g3 b6 5. Bg2 Bb7 6. Ngf3 Nf6 7. Qe2 Be7 8. O-O
Nc6 9. c3 Qc7 10. Re1 O-O-O 11. e5 Nd7 12. h4 h6 13. Nf1 b5 14. N1h2 Kb8 15. d4
b4 16. Bf4 cxd4 17. Nxd4 Nxd4 18. cxd4 Qb6 19. Be3 g5 20. h5 f5 21. exf6 Nxf6
22. Ng4 Nxg4 23. Qxg4 e5 24. dxe5 d4 25. Bd2 Rhf8 26. Bxb7 Qxb7 27. Qe4 Rc8 28.
Qxb7+ Kxb7 29. Rac1 Rc6 30. Rxc6 Kxc6 31. Kg2 Kd5 32. f4 g4 33. e6 Rf5 34. Re5+
Rxe5 35. fxe5 Kxe5 36. Bxh6 Kxe6 37. Bf4 Kf5 38. Kf2 Ke4 39. Ke2 Bf6 40. b3 a5
41. h6 d3+ 42. Kd2 Bc3+ 43. Kd1 Bd4 44. h7 Bf6 45. Bc7 Kf5 46. Kd2 Kg6 47. Kxd3
Kxh7 48. Bxa5 Be5 49. Bxb4 Bxg3 50. Bc5 Kg6 1-0

[Event "I Festival"]
[Site "Locri ITA"]
[Date "2007.11.04"]
[Round "7"]
[White "Familari, Giuseppe"]
[Black "Battaglia, Domenica"]
[Result "1-0"]
[WhiteElo "1801"]
[BlackElo "1371"]
[PlyCount "95"]
[EventDate "2007.11.01"]

1. d4 e6 2. e4 d6 3. c4 b6 4. Nc3 Bb7 5. Nf3 Ne7 6. Bd3 g6 7. Bg5 Bg7 8. Qd2 h6
9. Be3 Nd7 10. O-O Nc6 11. a3 a6 12. Rad1 Qe7 13. Rfe1 O-O-O 14. b4 Nf6 15. h3
g5 16. Rc1 Nh7 17. b5 Na5 18. Qb2 Kb8 19. Qb4 Bf8 20. Rb1 Ka7 21. d5 Bg7 22.
Qxa5 Kb8 23. Qb4 a5 24. Qb3 Qf6 25. Ne2 e5 26. Ng3 Qg6 27. Nf5 Bf6 28. Qd1 Nf8
29. Nh2 h5 30. Qf3 Nd7 31. Be2 h4 32. Ng4 Rde8 33. Rb3 Ka8 34. Bf1 Rh7 35. g3
Reh8 36. gxh4 gxh4 37. Kh2 Bc8 38. Be2 Rh5 39. Rg1 Qh7 40. Rbb1 Rg8 41. Ngh6
Rf8 42. Qxh5 Kb7 43. Rg2 a4 44. Rbg1 Ka7 45. Rg8 Rxg8 46. Rxg8 Bb7 47. Qxf7
Qxf7 48. Nxf7 1-0

[Event "I Festival"]
[Site "Locri ITA"]
[Date "2007.11.04"]
[Round "7"]
[White "Gangemi, Salvatore"]
[Black "Napoli, Nicolo'"]
[Result "0-1"]
[WhiteElo "2066"]
[BlackElo "2278"]
[PlyCount "78"]
[EventDate "2007.11.01"]

1. c4 e5 2. g3 Nf6 3. Bg2 c6 4. Nf3 e4 5. Ng5 d5 6. cxd5 cxd5 7. Nc3 Bf5 8. f3
exf3 9. Nxf3 Nc6 10. Qb3 Qd7 11. d3 d4 12. Ne4 Nxe4 13. dxe4 Bxe4 14. O-O Bd5
15. Bh3 Bxb3 16. Bxd7+ Kxd7 17. axb3 Bc5 18. b4 Bxb4 19. e3 f6 20. exd4 Rhe8
21. Bf4 Re2 22. Rf2 Rae8 23. Kf1 Rxf2+ 24. Kxf2 Ba5 25. Kf1 Bb6 26. Rd1 Nb4 27.
d5 g5 28. Bd2 Nxd5 29. Bxg5 Kc6 30. Bh6 Re4 31. Re1 Rb4 32. Re2 Rb3 33. Kg2 a5
34. Bg7 Ne3+ 35. Kh3 Nf5 36. Bxf6 Rxf3 37. Re6+ Nd6 38. Be5 Bc5 39. Bf4 Rf2 0-1

[Event "I Festival"]
[Site "Locri ITA"]
[Date "2007.11.04"]
[Round "7"]
[White "Krivodedov, Victor"]
[Black "Piccoli, Vincenzo"]
[Result "1-0"]
[WhiteElo "2143"]
[BlackElo "1823"]
[PlyCount "109"]
[EventDate "2007.11.01"]

1. e4 c5 2. Nf3 d6 3. Bb5+ Bd7 4. Bd3 Nf6 5. c3 Qc7 6. O-O Bc6 7. Re1 Nbd7 8.
Bc2 e6 9. d4 Be7 10. Nbd2 O-O 11. Nf1 Rfd8 12. Bg5 Nf8 13. Qe2 Re8 14. Rad1 b6
15. Ng3 Bb7 16. h3 Rac8 17. Rd2 cxd4 18. Nxd4 Red8 19. Nb5 Qb8 20. Red1 Ba6 21.
Bd3 Bb7 22. a4 Rd7 23. Be3 Ng6 24. f4 Qa8 25. f5 Ne5 26. fxe6 fxe6 27. Nd4 Nxd3
28. Rxd3 e5 29. Ndf5 Ba6 30. Nxe7+ Rxe7 31. Bg5 Rf7 32. Nf5 Nxe4 33. Ne7+ Rxe7
34. Bxe7 Re8 35. Bh4 Nc5 36. b4 Nxd3 37. b5 Nf4 38. Qa2+ Kh8 39. bxa6 Qc6 40.
Qd2 Re6 41. Bg5 Rg6 42. Bxf4 exf4 43. Qd5 Qxd5 44. Rxd5 f3 45. g4 Kg8 46. Kf2
Rf6 47. g5 Re6 48. Kxf3 Kf7 49. h4 Ke7 50. a5 bxa5 51. Rxa5 Re5 52. Rxe5+ dxe5
53. Ke4 Ke6 54. c4 Kd6 55. h5 1-0

[Event "I Festival"]
[Site "Locri ITA"]
[Date "2007.11.04"]
[Round "7"]
[White "Piankov, Evgenij"]
[Black "Valotta, Massimiliano"]
[Result "1-0"]
[WhiteElo "2346"]
[BlackElo "1908"]
[PlyCount "79"]
[EventDate "2007.11.01"]

1. d4 c6 2. Nf3 Nf6 3. Bg5 d5 4. Bxf6 exf6 5. e3 b5 6. Bd3 f5 7. a4 Qa5+ 8. c3
b4 9. O-O Ba6 10. Ne5 Bxd3 11. Qxd3 f6 12. Nf3 g6 13. Nbd2 Qa6 14. c4 Nd7 15.
Qb3 Nb6 16. c5 Nd7 17. Qxb4 Rb8 18. Qc3 Be7 19. Rfb1 Kf7 20. b4 h5 21. b5 Qc8
22. h3 h4 23. Qa5 Bd8 24. Qc3 g5 25. bxc6 Rxb1+ 26. Rxb1 Qxc6 27. Qb3 g4 28.
Ne1 Ba5 29. Qc2 Rg8 30. hxg4 fxg4 31. Nf1 Rg7 32. Nd3 Nb6 33. Nf4 Nc4 34. Qf5
h3 35. Qh5+ Ke7 36. Ng3 h2+ 37. Kxh2 Bc7 38. Nf5+ Kf8 39. Qh8+ Rg8 40. Qxg8+
1-0

[Event "I Festival"]
[Site "Locri ITA"]
[Date "2007.11.04"]
[Round "7"]
[White "Zampaglione, Davide"]
[Black "Spataro, Enrico"]
[Result "0-1"]
[WhiteElo "1491"]
[BlackElo "1799"]
[PlyCount "120"]
[EventDate "2007.11.01"]

1. e4 c5 2. Nf3 d6 3. d4 cxd4 4. Nxd4 Nf6 5. Nc3 a6 6. Nb3 b5 7. Bg5 e6 8. a3
Be7 9. Qd2 Nbd7 10. O-O-O Bb7 11. f3 O-O 12. h4 g6 13. g4 Qc7 14. Bh6 Rfd8 15.
Qd4 Nc5 16. g5 Nxb3+ 17. cxb3 e5 18. Qd2 Nh5 19. Kb1 Rac8 20. Rc1 Qb6 21. Bh3
Rc5 22. Qe3 b4 23. Na4 Rxc1+ 24. Qxc1 Qc6 25. Ka2 Nf4 26. Qc4 Nxh3 27. Qxc6
Bxc6 28. Rxh3 bxa3 29. bxa3 d5 30. exd5 Bxd5 31. Nc3 Be6 32. Rh2 Rd3 33. Rc2
Rxf3 34. Nd5 Bf8 35. Rc3 Rxc3 36. Nxc3 Bxh6 37. gxh6 f5 38. Kb2 Kf7 39. b4 Ke7
40. Na4 f4 41. Nc5 f3 42. Ne4 Bd5 43. Nf2 e4 44. Kc2 e3 45. Ng4 Bc4 46. Nxe3 f2
47. a4 f1=Q 48. Nxf1 Bxf1 49. Kc3 Kf6 50. Kd4 g5 51. hxg5+ Kxg5 52. Ke3 Kxh6
53. Kf3 Kg5 54. Kg3 h5 55. a5 h4+ 56. Kh2 Kg4 57. b5 Bxb5 58. Kg1 Kg3 59. Kh1
h3 60. Kg1 h2+ 0-1

[Event "I Festival"]
[Site "Locri ITA"]
[Date "2007.11.04"]
[Round "7"]
[White "Zampaglione, Francesco"]
[Black "Mercuri, Delia"]
[Result "0-1"]
[WhiteElo "1419"]
[BlackElo "1463"]
[PlyCount "116"]
[EventDate "2007.11.01"]

1. e4 e5 2. Nf3 Nf6 3. Nxe5 d5 4. exd5 Qxd5 5. Nf3 Bg4 6. Nc3 Qd8 7. Be2 Be7 8.
O-O O-O 9. d4 c6 10. Bf4 Nbd7 11. Ne5 Bxe2 12. Qxe2 Nb6 13. Rad1 Nbd5 14. Nxd5
Nxd5 15. Bg3 Bd6 16. Rfe1 Qc7 17. c4 Ne7 18. c5 Bxe5 19. Qxe5 Qxe5 20. Rxe5 Ng6
21. Re4 f5 22. Re2 f4 23. Bxf4 Nxf4 24. Re7 Rf7 25. Rxf7 Kxf7 26. g3 Nd5 27.
Re1 Nb4 28. a3 Nc2 29. Rd1 Rd8 30. Kf1 Ke7 31. Ke2 Nxd4+ 32. Ke3 Nf5+ 33. Ke2
Rxd1 34. Kxd1 Ke6 35. Kd2 Kd5 36. b4 Kc4 37. Kc2 Nh6 38. f4 Ng4 39. h3 Ne3+ 40.
Kb2 Nf5 41. g4 Nh4 42. f5 a6 43. Kc2 Kd4 44. Kd2 Nf3+ 45. Kc2 Ng5 46. h4 Nf3
47. h5 Ke4 48. h6 gxh6 49. f6 Ne5 50. Kc3 Kf4 51. Kd4 Nf7 52. a4 Kxg4 53. Kc4
Kf5 54. b5 a5 55. b6 Kxf6 56. Kd4 Kf5 57. Ke3 Ne5 58. Kd4 h5 0-1

[Event "I Festival"]
[Site "Locri ITA"]
[Date "2007.11.04"]
[Round "7"]
[White "Zavaglia, Giuseppe"]
[Black "Arcidiaco, Francesco"]
[Result "1-0"]
[WhiteElo "1904"]
[BlackElo "1542"]
[PlyCount "83"]
[EventDate "2007.11.01"]

1. d4 Nf6 2. Nf3 d5 3. Bg5 Ne4 4. Bf4 c6 5. c3 Qb6 6. Qc1 Nd7 7. Nbd2 Ndf6 8.
e3 Bg4 9. Be2 Nxd2 10. Qxd2 Ne4 11. Qc2 Bf5 12. Bd3 e6 13. O-O Be7 14. c4 O-O
15. c5 Qd8 16. b4 g5 17. Bg3 Nxg3 18. hxg3 Bxd3 19. Qxd3 f5 20. Ne5 Bf6 21. f4
Bxe5 22. fxe5 g4 23. Kf2 Qg5 24. Rh1 Rf7 25. Raf1 a5 26. b5 a4 27. bxc6 bxc6
28. Rb1 Qg7 29. Rb6 Rc7 30. Rhb1 Qd7 31. R1b4 Raa7 32. Qa3 Rcb7 33. Rxa4 Rxa4
34. Qxa4 Ra7 35. Qb3 Kf7 36. a4 Qc8 37. Qb4 Qa8 38. Rb8 Rxa4 39. Qb6 Ra2+ 40.
Kg1 Qa5 41. Qb7+ Kg6 42. Rg8+ 1-0

[Event "Torneo FreeTUR"]
[Site "Torino ITA"]
[Date "2007.11.06"]
[Round "1"]
[White "Abbura', Davide"]
[Black "Tondo, Stefano"]
[Result "1-0"]
[WhiteElo "1697"]
[BlackElo "1496"]
[PlyCount "56"]
[EventDate "2007.11.06"]

1. e4 c5 2. Nc3 Nc6 3. d3 d6 4. g3 g6 5. Bg2 Bg7 6. Nge2 e6 7. O-O Rb8 8. Rb1
b5 9. b3 Nd4 10. Nxd4 cxd4 11. Ne2 Qc7 12. Bb2 e5 13. h3 b4 14. f4 Ne7 15. fxe5
dxe5 16. Bc1 h6 17. Bd2 Be6 18. g4 O-O 19. Be1 Qc5 20. Bh4 Nc8 21. Bf6 Nb6 22.
Bxg7 Kxg7 23. Qd2 a5 24. Ng3 Qe7 25. Nf5+ gxf5 26. gxf5 Bxf5 27. Rxf5 Qh4 28.
Rxe5 Qg3 1-0

[Event "Torneo FreeTUR"]
[Site "Torino ITA"]
[Date "2007.11.06"]
[Round "1"]
[White "Angioni, Gian Carlo"]
[Black "Bovero, Ezio"]
[Result "1-0"]
[WhiteElo "1811"]
[BlackElo "1452"]
[PlyCount "37"]
[EventDate "2007.11.06"]

1. e4 e6 2. d4 Nf6 3. Bd3 Nc6 4. Nf3 Be7 5. c3 b6 6. O-O Bb7 7. Qe2 d5 8. e5
Nd7 9. Be3 h6 10. Nfd2 Nf8 11. f4 Qd7 12. b4 O-O-O 13. a4 Nb8 14. a5 Qe8 15.
axb6 cxb6 16. Rxa7 Nc6 17. Bb5 Nd7 18. Bxc6 Bxc6 19. Qa6+ 1-0

[Event "Torneo FreeTUR"]
[Site "Torino ITA"]
[Date "2007.11.06"]
[Round "1"]
[White "Capuzzimati, Fausto"]
[Black "Blundo, Michele"]
[Result "1/2-1/2"]
[WhiteElo "1497"]
[BlackElo "1896"]
[PlyCount "61"]
[EventDate "2007.11.06"]

1. e4 c5 2. Nf3 d6 3. d4 cxd4 4. Nxd4 Nf6 5. Nc3 a6 6. a4 g6 7. Bd3 Bg7 8. Nde2
O-O 9. O-O Nc6 10. Bg5 Ne5 11. Qd2 Nxd3 12. cxd3 Bd7 13. Bh6 Rc8 14. Bxg7 Kxg7
15. a5 e6 16. Na4 Bxa4 17. Rxa4 Qd7 18. Rfa1 e5 19. Nc3 Rc7 20. b3 Rfc8 21. Rc4
d5 22. Nxd5 Nxd5 23. exd5 Qxd5 24. Rac1 Rc6 25. Rxc6 Rxc6 26. Rxc6 Qxc6 27. g3
Qc5 28. b4 Qd4 29. Qe3 f5 30. Qxd4 exd4 31. f4 1/2-1/2